LEADER 01484nam0 22002893i 450 001 SUN0091725 005 20121029125058.630 010 $a978-88-631-0371-7 100 $a20121029d2011 |0itac50 ba 101 $aita 102 $aIT 105 $a|||| ||||| 200 1 $aˆIl ‰preposto, il datore di lavoro ed i dirigenti nella sicurezza sul lavoro$easpetti giuridici, tecnici e psicologici secondo D.Lgs. 81/2008 s.m.i. e la più recente legislazione correlata anche regolarmente$e in appendice le particolarità per i servizi con specifiche esigenze, quali le Forze Armate, le Università, gli Istituti d'Istruzione ecc.$fAntonio Porpora 205 $a4. ed 210 $aRoma$cEPC$d2008-2011 215 $a368 p.$d22 cm. 410 1$1001SUN0052609$12001 $aSicurezza$1210 $aRoma$cEPC. 620 $dRoma$3SUNL000360 700 1$aPorpora$b, Antonio$3SUNV041473$0726254 712 $aEdizioni di protezione civile$3SUNV005611$4650 801 $aIT$bSOL$c20181109$gRICA 856 4 $uhttp://www.megaitaliamedia.com/_resources/files/pdf-libri/AL0536.pdf 912 $aSUN0091725 950 $aUFFICIO DI BIBLIOTECA DEI DIPARTIMENTI DI INGEGNERIA$d05 CONS I I 122 $e05 5844 995 $aUFFICIO DI BIBLIOTECA DEI DIPARTIMENTI DI INGEGNERIA$bIT-CE0100$h5844$kCONS I I 122$op$qa 996 $aPreposto, il datore di lavoro ed i dirigenti nella sicurezza sul lavoro$91409474 997 $aUNICAMPANIA LEADER 01641cam0-2200541---450- 001 990000077310203316 005 20000616 010 $a0-8218-4120-3 035 $a0007731 035 $aUSA010007731 035 $a(ALEPH)000007731USA01 035 $a0007731 100 $a20000616d1994----|||y0itay0103----ba 101 0 $aEng 102 $aUS 105 $a||||||||001yy 200 1 $aProbability contributions to statistical mechanics$feditor R. L. Dobrushin 210 $aProvidence$cAmerican methematical society$d1998 215 $aXII, 289 p.$d26 cm. 225 2 $aAdvances in Soviet mathematics$v20 410 0$a12001$aAdvances in Soviet mathematics 610 $aMeccanica statistica 676 $a530.133 702 1$aDOBRUSHIN,$bRoland Lvovic 801 $aIT$bSALBC$gISBD 912 $a990000077310203316 951 $a530.133 PRO$b13661 Ing$c530.133$d00004259 959 $aBK 969 $aTec 979 $c20000914$lUSA01$h1735 979 $c20000919$lUSA01$h1048 979 $c20000919$lUSA01$h1521 979 $c20001019$lUSA01$h1056 979 $c20001019$lUSA01$h1453 979 $c20001019$lUSA01$h1501 979 $c20001019$lUSA01$h1538 979 $c20001024$lUSA01$h1514 979 $c20001027$lUSA01$h1519 979 $c20001027$lUSA01$h1523 979 $c20001110$lUSA01$h1710 979 $c20001124$lUSA01$h1208 979 $c20020403$lUSA01$h1615 979 $aPATRY$b90$c20040406$lUSA01$h1606 979 $aPATRY$b90$c20121106$lUSA01$h1536 996 $aProbability contributions to statistical mechanics$91486703 997 $aUNISA DB $aUSA01 SYS ID$a7731